Loading...
| Literature - European | 0 | 2 | 0 | 0 | 20 | 139 | 139.50 | 0 | 0 | 0.00 | 0.00 |
| Literature - American | 0 | 2 | 1 | 0 | 15 | 149 | 153.50 | 0 | 0 | 0.00 | 0.00 |
| Literature - World | 0 | 2 | 1 | 1 | 15 | 113 | 135.00 | 0 | 0 | 0.00 | 0.00 |
| Fine Arts - Classical Music and Opera | 0 | 1 | 0 | 0 | 10 | 128 | 128.00 | 0 | 0 | 0.00 | 0.00 |
| History - World | 0 | 1 | 0 | 0 | 10 | 142 | 142.00 | 0 | 1 | 0.00 | 0.00 |
| Mythology | 0 | 1 | 0 | 0 | 10 | 149 | 149.00 | 0 | 0 | 0.00 | 0.00 |
| Other Culture | 0 | 1 | 0 | 0 | 10 | 106 | 106.00 | 0 | 1 | 0.00 | 0.00 |
| Literature - British | 0 | 1 | 1 | 0 | 5 | 109 | 109.00 | 0 | 0 | 0.00 | 0.00 |
| Fine Arts - Painting and Sculpture | 1 | 0 | 2 | 0 | 5 | 77 | 77.00 | 0 | 1 | 0.00 | 0.00 |
| Religion | 0 | 0 | 0 | 0 | 0 | 0.00 | 0 | 0 | 0.00 | 0.00 | |
| Other Science (Computer Science) | 0 | 0 | 0 | 0 | 0 | 0.00 | 0 | 0 | 0.00 | 0.00 | |
| Other Science (Math) | 0 | 0 | 0 | 0 | 0 | 0.00 | 0 | 0 | 0.00 | 0.00 | |
| Social Science | 0 | 0 | 1 | 0 | -5 | 0.00 | 0 | 0 | 0.00 | 0.00 |